Personaggi di Naruto - Statistics

Statistiche generali
  • Questo quiz è stato fatto 477 volte
  • Il punteggio medio è 28 su 63
Statistiche sulle risposte
Hint Risposta % Corretto
Foglia Naruto
99%
Foglia Sasuke
97%
Foglia Sakura
93%
Foglia Kakashi
89%
Akatsuki Itachi
84%
Foglia Orochimaru
80%
Akatsuki Tobi/Obito
78%
Foglia Tsunade
77%
Sabbia Gaara
76%
Foglia Hinata
76%
Akatsuki Pain/Nagato
73%
Foglia Shikamaru
73%
Foglia Rock Lee
72%
Foglia Minato
69%
Foglia Ino
67%
Nuvola A
66%
Foglia Neji
65%
Foglia Ten Ten
61%
Foglia Choji
60%
Akatsuki Deidara
59%
Foglia Madara
59%
Akatsuki Sasori
57%
Foglia Kiba
56%
Sabbia Temari
54%
Foglia Hashirama
51%
Foglia Shino
51%
Foglia Gai
50%
Akatsuki Kisame
50%
Akatsuki Konan
48%
Foglia Asuma
47%
Foglia Tobirama
47%
Akatsuki Hidan
46%
Sabbia Kankuro
43%
Akatsuki Kakuzu
41%
Foglia Hiruzen
38%
Foglia Jiraiya
38%
Suono Kabuto
38%
Foglia Kushina
36%
Akatsuki Zetsu
35%
Foglia Sai
34%
Foglia Kurenai
33%
Foglia Yamato
31%
Foglia Konohamaru
30%
Nuvola Killer Bee
28%
Foglia Iruka
25%
Nebbia Zabuza
23%
Foglia Danzo
21%
Taka Karin
21%
Nebbia Haku
20%
Taka Suigetsu
17%
Akatsuki Yahiko
15%
Sabbia Chiyo
14%
Taka Jugo
14%
? Kaguya
14%
Foglia Shisui
13%
Foglia Shizune
12%
Foglia Anko
11%
Foglia Ebisu
11%
Suono Kimimaro
11%
Nuvola Darui
10%
Pioggia Hanzo
10%
Sabbia Baki
8%
Foglia Hayate
5%
Nessun quiz corrispondente trovato
Distribuzione punteggi
Percentuale di utenti per punteggio
Percentile per numero di risposta
I tuoi punteggi nel tempo
Non hai fatto questo quiz